000
00339nam a2200145Ia 4500
008
240830s1901 xx 000 0 und d
041
_a
eng
082
_a
0 DAW
100
_a
DAWN C.S.
245
_a
TEXT BOOK OF OBSTETRICS AND NEONATOLOGY
260
_b
N.D.
_c
1901
650
_a
GYANECOLOGY
906
_a
N.D.
999
_c
1193935
_d
1193935